00774nam a22002057a 4500999001900000005001700019010001500036020002700051035001400078037001300092082001100105100001800116245005000134260004000184270010900224300002500333500005000358942002500408952013500433 c166340d16634020190722123525.0 aENG-126022 a9788178442020c1495.00 aEN-109554 bDBAD/PUB a301.24 aHena Tabassum aTheories of social change /cby Hena Tabassum aNew DelhibR.K. Pulblicationsc2018 a4806/24, Bharat Ram Road, Darya GanjbNew Delhie110002k011-23285167, 65185557minfo@kkpublications.com aviii,296p.c25cm(Hb) aIncludes bibliographical references and index 2ddccENh301.24mHEN 001040708NFICaAVbAVd2019-07-22eDBAD/PUBg1495.00l1o301.24 HENpEN-109554r2022-03-07 00:00:00s2022-02-21t1v1495.00yEN